Tizzy / (Record no. 7048)

MARC details
000 -LEADER
fixed length control field 01231nam a22002897a 4500
001 - CONTROL NUMBER
control field 7048
003 - CONTROL NUMBER IDENTIFIER
control field FISKH
005 - DATE AND TIME OF LATEST TRANSACTION
control field 20250619111530.0
008 - FIXED-LENGTH DATA ELEMENTS--GENERAL INFORMATION
fixed length control field 250619b cb ||||| |||| 00| 0 eng d
040 ## - CATALOGING SOURCE
Original cataloging agency FISKH
Language of cataloging eng
Transcribing agency FISKH
Modifying agency FISKH
050 ## - LIBRARY OF CONGRESS CALL NUMBER
Classification number PZ7
082 ## - DEWEY DECIMAL CLASSIFICATION NUMBER
Classification number 398.2
100 ## - MAIN ENTRY--PERSONAL NAME
Personal name Parent, Nancy
245 ## - TITLE STATEMENT
Title Tizzy /
Statement of responsibility, etc. Written by Nancy Parent ; Illustrated by Glen Mullaly and Ken & Joan Steacy
260 ## - PUBLICATION, DISTRIBUTION, ETC.
Place of publication, distribution, etc. United States :
Name of publisher, distributor, etc. Paradise Press,
Date of publication, distribution, etc. 2001.
300 ## - PHYSICAL DESCRIPTION
Extent 12 pages :
Other physical details color illustrations ;
Dimensions 18 cm
505 ## - FORMATTED CONTENTS NOTE
Formatted contents note G<br/>
520 ## - SUMMARY, ETC.
Summary, etc. Tizzy is a charming board book designed for toddlers and preschool-aged children. It follows Tizzy, a playful and fuzzy orange monster, through simple daily experiences or adventures. With sturdy tabbed pages and bright, cheerful illustrations, young readers can engage with the story by turning interactive tabs that reveal Tizzy’s actions and emotions.
521 8# - TARGET AUDIENCE NOTE
Target audience note 300<br/>
Source Lexile estimate <br/>
521 8# - TARGET AUDIENCE NOTE
Target audience note G<br/>
Source Raz-Plus<br/>
650 ## - SUBJECT ADDED ENTRY--TOPICAL TERM
Topical term or geographic name entry element Interactive/Tactile
Form subdivision Tabbed Board Book
General subdivision Toddlers & Preschool
700 ## - ADDED ENTRY--PERSONAL NAME
Personal name Mullaly, Glen
Relator term illustrator
700 ## - ADDED ENTRY--PERSONAL NAME
Personal name Steacy, Ken
Relator term illustrator
700 ## - ADDED ENTRY--PERSONAL NAME
Personal name Steacy, Joan
Relator term illustrator
942 ## - ADDED ENTRY ELEMENTS (KOHA)
Source of classification or shelving scheme Dewey Decimal Classification
Koha item type Books
Suppress in OPAC No
Holdings
Withdrawn status Lost status Source of classification or shelving scheme Damaged status Not for loan Collection Home library Current library Shelving location Date acquired Total Checkouts Full call number Barcode Date last seen Copy number Price effective from Koha item type
    Dewey Decimal Classification     Juvenile Fiction Footprints International School Library Network Toul Kork Campus Footprints International School Library Network Toul Kork Campus TK Primary Library Room(4th Floor), Bookcase 7, Shelves 57-60, Dark Green Books 06/19/2025   PAR 398.2 PZ7 FISBK057050 06/19/2025 1 06/19/2025 Books